AH International Schools' Libraries

Do you believe in Groovicorns? (Record no. 48054)

MARC details
000 -LEADER
fixed length control field 00330nam a2200109 4500
020 ## - INTERNATIONAL STANDARD BOOK NUMBER
International Standard Book Number 9781786929303
100 ## - MAIN ENTRY--PERSONAL NAME
Personal name Greening, Rosie,
Relator term author.
9 (RLIN) 79020
245 ## - TITLE STATEMENT
Title Do you believe in Groovicorns?
Remainder of title by Rosie Greening, Illustrated by Stuart Lynch.
260 ## - PUBLICATION, DISTRIBUTION, ETC. (IMPRINT)
Place of publication, distribution, etc UK :
Name of publisher, distributor, etc Make Believe Ideas ;
Date of publication, distribution, etc 2018.
300 ## - PHYSICAL DESCRIPTION
Extent 12 pages.
942 ## - ADDED ENTRY ELEMENTS (KOHA)
Source of classification or shelving scheme
Koha item type Board Book
Holdings
Withdrawn status Lost status Source of classification or shelving scheme Damaged status Not for loan Home library Current library Date acquired Total Checkouts Total Renewals Full call number Barcode Checked out Date last seen Date checked out Price effective from Koha item type
          Logos International School Logos International School 12/05/2024 16 2 BB GRE 040234 05/08/2026 04/30/2026 04/30/2026 12/05/2024 Board Book

For any Logos Library related questions please contact Miss Art at swongnarasuk@asianhope.org.

For any Asian Hope Library related questions please contact Miss Raza at graza@asianhope.org.

Powered by Koha